| 000 | 01331nam a2200397 c 4500 | ||
|---|---|---|---|
| 001 | 23031 | ||
| 003 | ES-MaCES | ||
| 005 | 20150929135510.0 | ||
| 008 | 100506s2007 sp t 000 | spa d | ||
| 017 |
_aM 41755-2007 _bDL |
||
| 020 | _a9788483224243 | ||
| 035 | _aCES20100003755m | ||
| 040 |
_aES-MaCES _bspa _cES-MaCES |
||
| 245 | 0 | 3 |
_aLa externalización de la formación en las empresas _ccoordinador, Javier Blanco Belda |
| 260 |
_aMadrid _bAedipe _bPearson Educación _c[2007] |
||
| 300 |
_aXLII, 217 p. _c24 cm |
||
| 490 | 1 | _aBiblioteca Aedipe de recursos humanos | |
| 541 | _cGratuito | ||
| 650 | 4 |
_aformación en la empresa _927452 |
|
| 650 | 4 |
_asubcontratación _928256 |
|
| 650 | 4 |
_atrabajo subcontratado _928310 |
|
| 650 | 4 |
_aplanificación de la formación _929959 |
|
| 650 | 4 |
_aadministración de recursos humanos _930474 |
|
| 650 | 4 |
_acompetitividad _928270 |
|
| 650 | 4 |
_aEspaña _926964 |
|
| 650 | 4 |
_aestudio de casos _928846 |
|
| 650 | 4 |
_arepertorio de recomendaciones prácticas _929261 |
|
| 653 | 1 | 0 | _aEducación |
| 650 | 4 |
_930601 _aestrategia empresarial |
|
| 650 | 4 |
_926752 _aUE |
|
| 700 | 1 |
_aBlanco Belda, Javier _ecol. _97842 |
|
| 830 | 0 |
_aBiblioteca Aedipe de recursos humanos _933911 |
|
| 902 | _aLIB Libro | ||
| 942 |
_2CES _cBK _h4.0. |
||
| 999 |
_c23031 _d23031 |
||